Vida de un Consejero de Indias. Por Fernando Márquez de la Plata, Correspondiente de la Real Academia de la Historia Año {Viñeta} 1937
Salvato in:
| Autore principale: | |
|---|---|
| Natura: | Libro |
| Lingua: | spagnolo |
| Pubblicazione: |
Santiago
Imprenta Chile
1937
|
| Edizione: | 1a. ed |
| Soggetti: | |
| Tags: |
Aggiungi Tag
Nessun Tag, puoi essere il primo ad aggiungerne!!
|
MARC
| LEADER | 00000nam a2200000 a 4500 | ||
|---|---|---|---|
| 001 | UCJ6509 | ||
| 003 | CL-VaPUC | ||
| 008 | 070124e19371220CL |||||||||||||||||spa|d | ||
| 082 | 0 | 4 | |a 923 |b MAR |2 21 |
| 100 | |a Márquez de la Plata Echenique, Fernando |e autor |9 515278 | ||
| 245 | 1 | 0 | |a Vida de un Consejero de Indias. Por Fernando Márquez de la Plata, Correspondiente de la Real Academia de la Historia Año {Viñeta} 1937 |
| 250 | |a 1a. ed | ||
| 300 | |a 298 p | ||
| 942 | |c BK | ||
| 945 | |d 20070124 00:00:00 |a rinostro | ||
| 260 | |a Santiago |b Imprenta Chile |c 1937 | ||
| 500 | |a Iconografía e ilustraciones sin indizar | ||
| 600 | 0 | |a Márquez de la Plata y Orozco, Fernando, |d 1740-1818 |9 513255 | |
| 600 | 0 | 7 | |a CALVO DE ENCALADA, JOSE MANUEL |2 CL-VaPUC |9 513256 |
| 600 | 0 | 7 | |a SEGUROLA, SEBASTIAN DE |2 CL-VaPUC |9 513257 |
| 650 | 7 | |a BIOGRAFIA |2 CL-VaPUC |9 504622 | |
| 650 | 7 | |a REVOLUCION DE LA INDEPENDENCIA |2 CL-VaPUC |9 316035 | |
| 650 | 0 | |a Iconografía |9 267998 | |
| 650 | 0 | |a Ilustraciones |9 369481 | |
| 650 | 0 | |a Autógrafos |9 446110 | |
| 650 | 7 | |a HERALDICA |2 CL-VaPUC |9 388228 | |
| 650 | 7 | |a PLATERIA |2 CL-VaPUC |9 477723 | |
| 650 | 0 | |a Pintura chilena |9 266171 | |
| 583 | |a last modification |c 20070124 00:00:00 |k Rodrigo Vera | ||
| 999 | |c 322612 |d 322610 | ||
| 952 | |0 0 |1 0 |4 0 |6 923_000000000000000_MAR_1937 |7 0 |8 X |9 401645 |a FDOBUD |b FDOBUD |d 2019-11-22 |i 1048945 |o 923 MAR 1937 |p 1048945 |r 2019-11-22 |w 2019-11-22 |y BK_X |k BUD | ||